Language Quiz

Random Language or Flags Quiz

Flag Semaphore Signals Quiz Stats

 Plays Quiz not verified by Sporcle

Score 0/29 Timer 10:00
0 Plays Today
% Correct
E
94.4%
A
84.1%
T
81.7%
O
73.8%
N
68.3%
R
65.1%
D
64.3%
U
63.5%
L
61.9%
C
61.9%
S
60.3%
H
58.7%
M
58.7%
G
57.9%
W
57.1%
% Correct
F
55.6%
P
55.6%
Y
53.2%
B
53.2%
V
50.8%
K
49.2%
J
47.6%
X
47.6%
Q
46%
Z
45.2%
I
38.1%
Error
13.5%
Numerical
9.5%
Annual
7.1%

You're not logged in!

Compare scores with friends on all Sporcle quizzes.
OR
Log In

Show Comments

Extras

Top Quizzes Today


Score Distribution

Your Account Isn't Verified!

In order to create a playlist on Sporcle, you need to verify the email address you used during registration. Go to your Sporcle Settings to finish the process.

Report this User

Report this user for behavior that violates our Community Guidelines.

Details: